|
|
|
|
| LEADER |
01467nab#a2200361#ar4500 |
| 001 |
000072500 |
| 003 |
SVKKK |
| 005 |
20021112xxxxxxx. |
| 008 |
06 c xo huno |
| FMT |
|
|
|
| 038 |
|
|
|a SVKKK
|
| 040 |
|
|
|a SVKKK
|b slo
|e AACR2
|
| 041 |
0 |
|
|a hun
|
| 044 |
|
|
|a xo
|c SK
|
| 080 |
|
|
|a 393
|
| 080 |
|
|
|a 929 Baich, Milan
|
| 080 |
|
|
|a 929 Kérészy, Štefan
|
| 242 |
1 |
0 |
|a Smútočné správy
|
| 245 |
0 |
0 |
|a Gyászhírek
|
| 500 |
|
|
|a mikrofilm
|
| 520 |
2 |
|
|a Správa o smrti baróna, veľkostatkára z obce Jabloň Milana Baicha v Budapesti v marci roku 1914 vo veku 57 rokov. Menovaný pochádzal zo srbskej rodiny. ale pomaďarčil sa. Mal veľmi silne vyvinuté sociálne cítenie, ktoré v okolí jeho veľkostatku cítili hlavne tí, ktorí boli najbiednejší. * Riaditeľ kalvínskeho gymnázia [Sárospatak] Štefan (István) Kérészy zomrel vo veku 80 rokov dňa 8. augusta 1914.
|
| 650 |
0 |
4 |
|a Kéreszy, Štefan (riaditeľ-učiteľ kalvínsky [1834]-1914) - gymnázium kalvínske, [Sárospatak (HU)] (pôsobenie) - 8.08.1914 - správy
|
| 650 |
0 |
4 |
|a úmrtie - Baich, Milan (barón, [1857]-1914) - veľkostatok, Jabloň (HN) - Budapest (HU) - august 1914
|
| 773 |
0 |
|
|t Homonna és Vidéke : Hetilap
|g Roč. 14, č. 33 (08.06.1914) s. 2
|
| 957 |
|
|
|a Budapest (HU)
|
| 957 |
|
|
|a Jabloň
|
| 957 |
|
|
|a Sátoraljaujhely (HU)
|
| 958 |
|
|
|a DG
|
| 958 |
|
|
|a SK
|
| 974 |
|
|
|a Ba
|d 20021112
|
| 992 |
|
|
|a RBX
|
| BAS |
|
|
|
| 998 |
|
|
|a RETRO
|